Healthy Homes Bill 2022-23 (HL Bill 14) (Record no. 121535)
[ view plain ]
| 000 -LEADER | |
|---|---|
| fixed length control field | 00806nam a22001817a 4500 |
| 008 - FIXED-LENGTH DATA ELEMENTS--GENERAL INFORMATION | |
| fixed length control field | 230605e20220526xxk|||||o||||o00| 0 eng d |
| 041 ## - LANGUAGE CODE | |
| Language code of text/sound track or separate title | eng |
| 245 ## - TITLE STATEMENT | |
| Title | Healthy Homes Bill 2022-23 (HL Bill 14) |
| Medium | [Online publication] |
| 260 ## - PUBLICATION INFORMATION | |
| Publisher | House of Lords, UK Parliament, |
| Date | 26 May 2022 |
| 520 ## - ABSTRACT | |
| Abstract | A Bill to make provision for the delivery of healthy homes and neighbourhoods; to set out the principles that define a “healthy home”; to establish the office of the Healthy Homes Commissioner; and for connected purposes |
| 650 ## - KEYWORDS | |
| Keywords | LANDLORD AND TENANT |
| 650 ## - KEYWORDS | |
| Keywords | PROPERTY STANDARDS |
| 651 ## - SUBJECT ADDED ENTRY--GEOGRAPHIC NAME | |
| Geographic name | United Kingdom |
| 690 ## - BROAD SUBJECT | |
| 9 (RLIN) | 6252 |
| Broad subject | Landlord and tenant |
| 690 ## - BROAD SUBJECT | |
| 9 (RLIN) | 6266 |
| Broad subject | Residential property |
| 856 ## - ONLINE RESOURCE | |
| Uniform Resource Identifier | <a href="https://bills.parliament.uk/bills/3171">https://bills.parliament.uk/bills/3171</a> |
| Public note | Available on Parliament Bills site |
| 942 ## - ADDED ENTRY ELEMENTS (KOHA) | |
| Suppress in OPAC | Do not suppress in OPAC |
| Lost status | Damaged status | Not for loan | Home library | Current library | Shelving location | Date acquired | Total Checkouts | Full call number | Date last seen | Price effective from | Koha item type |
|---|---|---|---|---|---|---|---|---|---|---|---|
| Virtual | Virtual | Online | 05/06/2023 | LEGISLATION | 05/06/2023 | 05/06/2023 | Online material |